[Event "Bogota Centro Comercial op 2nd"]
[Site "Bogota"]
[Date "2024.04.14"]
[Round "3"]
[White "Forero, Edwin Johann"]
[Black "Barreto Romero, Felipe"]
[Result "1-0"]
[WhiteElo "1962"]
[BlackElo "1773"]
[PlyCount "85"]
[EventDate "2024.04.14"]
[EventType "swiss"]
[EventRounds "7"]
[EventCountry "COL"]
[SourceTitle "CB16_2024"]
[SourceDate "2024.04.17"]
[SourceVersion "1"]
[SourceVersionDate "2024.04.17"]
[SourceQuality "1"]

1. e4 c5 2. Nf3 Nc6 3. d4 cxd4 4. Nxd4 e6 5. Nc3 Nf6 6. Ndb5 d5 7. exd5 exd5 8. Nxd5 Nxd5 9. Qxd5 Qa5+ 10. Bd2 Qb6 11. 0-0-0 Be6 12. Nd6+ Bxd6 13. Qxd6 Rd8 14. Qa3 a5 15. Be2 Rd5 16. Rhe1 Ne7 17. Bc4 Qd6 18. Bxd5 Qxa3 19. bxa3 Nxd5 20. Bxa5 0-0 21. Re5 Nf4 22. g3 Ng6 23. Ree1 Bxa2 24. Rd8 f6 25. Rxf8+ Kxf8 26. Bb4+ Kf7 27. f4 b5 28. h4 h5 29. Kd2 Nh8 30. Re7+ Kg6 31. Rb7 Bc4 32. Kc3 Kf5 33. a4 g5 34. fxg5 fxg5 35. hxg5 Kxg5 36. axb5 Bd5 37. Rd7 Be6 38. Rd4 Ng6 39. b6 Bc8 40. Rd8 Bb7 41. Rd7 Bc6 42. b7 Bxb7 43. Rxb7 1-0

[Event "Medellin Easter op 11th"]
[Site "Medellin"]
[Date "2023.04.07"]
[Round "4"]
[White "Forero, Edwin Johann"]
[Black "Vahos Correa, Nicolas"]
[Result "1-0"]
[WhiteElo "1898"]
[BlackElo "1347"]
[PlyCount "119"]
[EventDate "2023.04.05"]
[EventType "swiss"]
[EventRounds "7"]
[EventCountry "COL"]
[SourceTitle "CBM 213 Extra"]
[Source "ChessBase"]
[SourceDate "2023.05.31"]
[SourceVersion "1"]
[SourceVersionDate "2023.05.31"]
[SourceQuality "1"]

1. e4 c5 2. Nf3 d6 3. Bb5+ Bd7 4. Bxd7+ Qxd7 5. 0-0 Nf6 6. Re1 Nc6 7. c3 g6 8. d4 cxd4 9. cxd4 Bg7 10. Nc3 0-0 11. h3 Rac8 12. Bg5 a6 13. Nd5 Qd8 14. a3 Re8 15. Nxf6+ exf6 16. Bf4 d5 17. e5 fxe5 18. dxe5 d4 19. Qb3 Qd7 20. Rad1 Qf5 21. Bg3 Rcd8 22. Qxb7 Nxe5 23. Nxe5 Bxe5 24. Bxe5 Rxe5 25. Rxe5 Qxe5 26. Qxa6 d3 27. Rxd3 Qe1+ 28. Kh2 Rxd3 29. Qxd3 Qe5+ 30. Qg3 Qxb2 31. Qe3 Qf6 32. Qc5 h5 33. g3 Qa6 34. h4 Kg7 35. Qd4+ Kf8 36. a4 Ke7 37. Qb4+ Kd7 38. Qb5+ Qxb5 39. axb5 Kc7 40. Kg2 Kb6 41. Kf3 Kxb5 42. Ke4 Kc6 43. Ke5 Kd7 44. Kf6 Ke8 45. f4 Kf8 46. f5 gxf5 47. Kxf5 Kg7 48. Kg5 f6+ 49. Kxh5 Kh7 50. Kg4 Kg6 51. Kf4 Kf7 52. Kf5 Kg7 53. g4 Kf7 54. h5 Kg7 55. Ke6 Kh6 56. Kxf6 Kh7 57. g5 Kh8 58. Kf7 Kh7 59. g6+ Kh8 60. g7+ 1-0

[Event "Bogota El Tablazo op-B"]
[Site "Bogota"]
[Date "2022.06.24"]
[Round "1.31"]
[White "Forero, Edwin Johann"]
[Black "Guzman Lozano, Campo Elias"]
[Result "1-0"]
[WhiteElo "1854"]
[BlackElo "1966"]
[PlyCount "85"]
[EventDate "2022.06.24"]
[EventType "swiss"]
[EventRounds "7"]
[EventCountry "COL"]
[SourceTitle "EXT 2024"]
[Source "ChessBase"]
[SourceDate "2023.10.10"]
[SourceVersion "1"]
[SourceVersionDate "2023.10.10"]
[SourceQuality "1"]

1. e4 c5 2. Nf3 Nc6 3. d4 cxd4 4. Nxd4 Qb6 5. Nb3 Nf6 6. Nc3 e6 7. Be3 Qc7 8. a3 a6 9. f4 d6 10. Be2 b5 11. 0-0 Bb7 12. Bf3 Rd8 13. Qe1 Be7 14. Qg3 Kf8 15. Rad1 h5 16. Qf2 Rd7 17. Bb6 Qb8 18. h3 h4 19. Rd2 Ba8 20. Rfd1 Nh5 21. Nc5 dxc5 22. Rxd7 Qxb6 23. Rxe7 Nxe7 24. Qxh4 Rh7 25. Bxh5 g6 26. Rd7 Ng8 27. Bxg6 Rxh4 28. Rxf7+ Ke8 29. Rb7+ Kd8 30. Rxb6 Ne7 31. Rb8+ Kc7 32. Rxa8 Nxg6 33. f5 exf5 34. exf5 Ne5 35. Rxa6 b4 36. axb4 cxb4 37. Nd5+ Kd7 38. g4 Rxh3 39. Kg2 Rh8 40. g5 Rh4 41. g6 Rg4+ 42. Kh3 Rg5 43. g7 1-0

[Event "Sao Paulo Carnaval op"]
[Site "Sao Paulo"]
[Date "2019.03.05"]
[Round "7"]
[White "Forero, Edwin Johann"]
[Black "Da Rosa, Henrique Jaze Simoe"]
[Result "1-0"]
[WhiteElo "1935"]
[BlackElo "1609"]
[PlyCount "75"]
[EventDate "2019.03.02"]
[EventType "swiss"]
[EventRounds "7"]
[EventCountry "BRA"]
[SourceTitle "EXT 2020"]
[Source "ChessBase"]
[SourceDate "2019.10.17"]
[SourceVersion "1"]
[SourceVersionDate "2019.10.17"]
[SourceQuality "1"]

1. e4 e5 2. Nf3 Nc6 3. d4 exd4 4. Bc4 Nf6 5. e5 d5 6. Bb5 Ne4 7. Nxd4 Bd7 8. Bxc6 bxc6 9. 0-0 Be7 10. f3 Nc5 11. f4 Ne4 12. Be3 c5 13. Ne2 d4 14. Bc1 Bg4 15. Qd3 Bf5 16. g4 c4 17. Qxc4 Bc5 18. b4 d3+ 19. bxc5 dxe2 20. Qxe2 Qd4+ 21. Be3 Qxa1 22. gxf5 Nc3 23. Qc4 Qxa2 24. Qxc3 0-0 25. Bd4 Rad8 26. Nd2 Qd5 27. Nf3 Qe4 28. e6 fxe6 29. Bxg7 Rf7 30. Be5 Qxf5 31. Kf2 Kf8 32. c6 Rd5 33. Qb4+ Re7 34. Qb8+ Re8 35. Qxc7 Qxc2+ 36. Kg1 Red8 37. Qg7+ Ke8 38. Qh8+ 1-0

[Event "Sao Paulo Carnaval op"]
[Site "Sao Paulo"]
[Date "2019.03.04"]
[Round "5"]
[White "Forero, Edwin Johann"]
[Black "Caetano, Ryan Wesley da Cost"]
[Result "0-1"]
[WhiteElo "1935"]
[BlackElo "2082"]
[PlyCount "52"]
[EventDate "2019.03.02"]
[EventType "swiss"]
[EventRounds "7"]
[EventCountry "BRA"]
[SourceTitle "EXT 2020"]
[Source "ChessBase"]
[SourceDate "2019.10.17"]
[SourceVersion "1"]
[SourceVersionDate "2019.10.17"]
[SourceQuality "1"]

1. e4 c5 2. Nf3 d6 3. d4 cxd4 4. Nxd4 Nf6 5. Nc3 a6 6. Qf3 Nbd7 7. Be2 g6 8. Bg5 Bg7 9. 0-0-0 h6 10. Bf4 e5 11. Nb3 exf4 12. Rxd6 Qe7 13. Rhd1 g5 14. g3 fxg3 15. fxg3 0-0 16. h4 Ne5 17. Qe3 Nfg4 18. Qb6 Be6 19. Nc5 gxh4 20. gxh4 Qxh4 21. Nxe6 fxe6 22. Rxe6 Rf7 23. Rg1 Raf8 24. Nd5 h5 25. Bxg4 hxg4 26. Ne3 Rf1+ 0-1

[Event "Bogota Distrital-ch 77th"]
[Site "Bogota"]
[Date "2015.05.01"]
[Round "2"]
[White "Gaitan Bautista, Oscar"]
[Black "Forero, Edwin Johann"]
[Result "0-1"]
[WhiteElo "1798"]
[BlackElo "1975"]
[PlyCount "106"]
[EventDate "2015.04.30"]
[EventType "swiss"]
[EventRounds "7"]
[EventCountry "COL"]
[SourceTitle "CBM 166 Extra"]
[Source "ChessBase"]
[SourceDate "2015.06.18"]
[SourceVersion "1"]
[SourceVersionDate "2015.06.18"]
[SourceQuality "1"]

1. e4 c5 2. Nf3 d6 3. d4 cxd4 4. Nxd4 Nf6 5. Nc3 a6 6. f3 e5 7. Nb3 Be6 8. Be3 Be7 9. Qd2 0-0 10. g4 Nbd7 11. h4 b5 12. 0-0-0 Nb6 13. g5 Nh5 14. Qf2 Nc4 15. Nd5 Bxd5 16. Rxd5 Nxe3 17. Qxe3 Nf4 18. Rd2 f6 19. gxf6 Bxf6 20. Nc5 Qe7 21. Nd3 Bxh4 22. Nxf4 Rxf4 23. Qb3+ Rf7 24. Qd5 Raf8 25. Rdh2 Bg5+ 26. Kb1 h6 27. Bh3 Kh8 28. Bf5 Qf6 29. Be6 Re7 30. Bf5 g6 31. Bg4 Kg7 32. Rf1 h5 33. Bh3 Qf4 34. Rhh1 Rf6 35. Qd3 Ref7 36. Bc8 Ra7 37. Bh3 Ra8 38. Bd7 Qe3 39. Qxe3 Bxe3 40. Rh3 Raf8 41. Bc6 b4 42. Bb7 a5 43. Bc6 Kh6 44. Bb5 g5 45. Rfh1 h4 46. Re1 Bc5 47. Rf1 Kh5 48. Bd7 Rf4 49. Bf5 d5 50. Rhh1 dxe4 51. fxe4 Rxf1+ 52. Rxf1 g4 53. Bxg4+ Kxg4 0-1